A tale of shaken faith/ (Record no. 61502)
[ view plain ]
| 000 -LEADER | |
|---|---|
| fixed length control field | 00403nam a2200157 4500 |
| 020 ## - INTERNATIONAL STANDARD BOOK NUMBER | |
| ISBN | 8185384 |
| 082 ## - DEWEY DECIMAL CLASSIFICATION NUMBER | |
| Classification number | 355.009 2 |
| Item number | MAN/T |
| 245 ## - TITLE STATEMENT | |
| Title | A tale of shaken faith/ |
| Statement of responsibility, etc | by Man Mohan Sharma |
| 260 ## - PUBLICATION, DISTRIBUTION, ETC. (IMPRINT) | |
| Place of publication | Noida: |
| Name of publisher | Trishul, |
| Year of publication | 2014. |
| 300 ## - PHYSICAL DESCRIPTION | |
| Number of Pages | 377p. |
| 650 ## - SUBJECT ADDED ENTRY--TOPICAL TERM | |
| Topical Term | Biography Man Mohan Sarma |
| 650 ## - SUBJECT ADDED ENTRY--TOPICAL TERM | |
| Topical Term | Biography Militray Person |
| 650 ## - SUBJECT ADDED ENTRY--TOPICAL TERM | |
| Topical Term | Military Science |
| 650 ## - SUBJECT ADDED ENTRY--TOPICAL TERM | |
| Topical Term | Social Sciences |
| 942 ## - ADDED ENTRY ELEMENTS (KOHA) | |
| Koha item type | Book |
| Withdrawn status | Lost status | Damaged status | Not for loan | Permanent Location | Current Location | Shelving location | Date acquired | Cost, normal purchase price | Full call number | Accession Number | Price effective from | Koha item type |
|---|---|---|---|---|---|---|---|---|---|---|---|---|
| Sree Sankaracharya University of Sanskrit | Sree Sankaracharya University of Sanskrit | Stacks | 09.08.2016 | 793.00 | 355.009 2 MAN/T | 082198 | 09.08.2016 | Book |